[Event "Parnu-A"]
[Site "Parnu"]
[Date "1996.02.05"]
[Round "4"]
[White "Sokolov, Ivan"]
[Black "Khalifman, Alexander"]
[Result "1/2-1/2"]
[WhiteElo "2665"]
[BlackElo "2650"]
[Annotator "Stohl,I"]
[PlyCount "87"]
[EventDate "1996.02.??"]
[EventType "tourn"]
[EventRounds "10"]
[EventCountry "EST"]
[EventCategory "17"]
[SourceTitle "CBM 052"]
[Source "ChessBase"]
[SourceDate "1996.06.01"]
[SourceVersion "1"]
[SourceVersionDate "1996.06.01"]
[SourceQuality "1"]

1. d4 {Chekhov} Nf6 2. c4 c5 3. d5 b5 4. cxb5 a6 5. Nc3 axb5 6. e4 b4 (6... Qa5
$5 7. Bxb5 $5 (7. e5 b4 8. Bd2 bxc3 9. Bxc3 Qa4 10. exf6 gxf6 11. Qxa4 Rxa4 12.
Bb5 Ra7 13. Ne2 Ba6 14. Bxa6 Rxa6 15. O-O d6 16. Rfe1 Nd7 17. Ng3 Rg8 18. Nf5
Rg5 19. Ne3 Nb6 20. f4 Rxd5 21. Nxd5 Nxd5 $44 {[%csl Gd6,Ge7,Gf6,Gf7] [+],
Oshiro,M-Salmon,N/Seattle Washington-ch/1995/}) 7... Nxe4 8. Nge2 Ba6 9. Bd3
Nxc3 10. Nxc3 d6 11. O-O g6 12. Re1 Bg7 13. Bg5 Ra7 14. Bxa6 Nxa6 15. a4 Bxc3
$2 16. bxc3 Qxc3 17. Rc1 Qa5 18. Bf6 O-O 19. Rxe7 Nc7 20. Qf3 Qd2 21. Rd1 Qc2
22. Rde1 Qxa4 23. Rxc7 $1 Re8 (23... Rxc7 24. Qe3 $18 {[%cal Re3h6] /\Qh6+-})
24. Qe3 {1-0/Yakovich,Y-Vaatainen,T/Helsinki op/1992/}) (6... Qa5 $5 {Chekhov})
7. Nb5 d6 8. Bf4 g5 (8... g6 9. e5 Nh5 10. exd6 exd6 11. Qe2+ Kd7 12. Be3 Qe7
13. g3 Bg7 14. Nf3 Ra5 15. Bh3+ Kd8 16. Bxc8 Kxc8 17. O-O Qd7 18. a4 Kb7 19.
Nd2 f5 20. Nb3 Ra6 21. Bxc5 $1 Re8 22. Qd2 Ka8 23. Bxb4 $18 {Gnichtel,G-Turzo,
A/Budapest FS02 IM/1996/}) 9. Bxg5 Nxe4 10. Bf4 Bg7 (10... Qa5 $5 11. Bc4 Ba6
12. Qe2 Kd8 13. Qxe4 Bxb5 14. Nf3 Bxc4 15. Qxc4 Qa6 16. Nd2 (16. Qe4 $5 {
Chekhov}) 16... Qxc4 17. Nxc4 Na6 18. Ke2 Nc7 19. Rhd1 Bg7 20. a3 bxa3 21. Rxa3
Rb8 $15 {[%csl Rb2,Rd5] ><b2,d5,Tozer,R-Ernst,T/London/1988/}) 11. Qe2 Nf6 12.
Nxd6+ Kf8 13. Nxc8 Qxc8 14. Qf3 $5 $146 {Sokolov's move is rather logical-he
refrains from opening the position due to Black's lead in development and aims
to bring out his K-side pieces in a more stabilized situation.} (14. d6 exd6 (
14... e6 15. Qd2 (15. Nf3 Nbd7 16. Qd2 Qc6 17. Bh6 Rg8 18. Be2 Ne4 19. Qf4 Nxd6
20. O-O Nf5 21. Bxg7+ Rxg7 22. g3 Qd6 {1/2/Touzane,O-Bricard,E/FRA-chT/1993/}
23. Qe4 $14 {[%csl Rf8] עf8}) 15... Nd5 16. Bh6 Qd7 17. Bxg7+ Kxg7 18. Qg5+
Kf8 19. Qh6+ Ke8 20. Qg7 Rf8 21. Nf3 Qxd6 22. Bb5+ Ke7 23. O-O Nd7 24. Bxd7
Qxd7 25. Rfd1 Qb7 26. Qxh7 Rh8 27. Qe4 $16 {Reinemer,F-Roehrich,S/Dortmund
op-A/1993/}) (14... Nc6 15. dxe7+ Kg8 16. Nf3 Qf5 17. Bd6 Ne4 18. Qa6 Qc8 19.
Qxc8+ Rxc8 20. O-O-O Nxd6 21. Rxd6 Nxe7 22. Bc4 h6 23. Re1 Rc7 24. Rd8+ Bf8 25.
Ne5 Nc6 26. Rd3 $40 {Kolpakov-Egin/Spartakiada/1979/}) 15. Bxd6+ Kg8 16. Nf3 (
16. Qf3 Nc6 17. Ne2 Qe8 18. Bxc5 Ne4 19. Be3 b3 20. Nc1 Nd4 21. Bxd4 Bxd4 22.
Be2 Bxb2 23. Qg4+ Kf8 24. Nxb3 Bc3+ 25. Kf1 Bxa1 26. Nxa1 Rxa2 $19 {Koerholz,
L-Leko,P/Budapest Exp2/1993/}) (16. Rc1 Nbd7 17. Qc4 Qb7 18. Nf3 Ne4 19. Bf4
Bxb2 20. Bd3 Bxc1 21. Bxc1 Re8 22. O-O Nef6 23. Bb2 Qd5 $15 {Hrtanek,
V-Chytilek,R/MOR-chT 9495/1995/}) (16. Qc4 Nbd7 17. O-O-O Nb6 18. Qb5 Nfd5 19.
Re1 c4 20. f4 Bxb2+ $1 21. Kxb2 Rxa2+ 22. Kc1 Ra1+ 23. Kd2 c3+ 24. Ke2 Rxe1+
25. Kxe1 c2 $19 {Touzane,O-Votava,J/Budapest3 GM/1995/}) 16... Nc6 $5 (16...
Qc6 17. Bxb8 $5 (17. Bg3 Nbd7 18. Qc2 Re8+ (18... Qe6+ 19. Be2 b3 20. Qc4 Rxa2
21. Rxa2 bxa2 22. O-O Qxc4 23. Bxc4 Ne4 24. Bxa2 Nxg3 25. hxg3 Ne5 26. Nh4 Bf6
27. Nf5 h5 28. Rd1 $16 {Timoshchenko,G-Golod,V/SVK-chT/1993/}) 19. Be2 Qe4 20.
Rc1 Nb6 21. Kf1 Qxc2 22. Rxc2 Ne4 23. Bf4 Nd5 24. Bc1 h6 25. g3 Kh7 26. Bd3 f5
27. Nh4 Rhf8 $44 {Timoshchenko,G-Nielsen,U/London Lloyds/1993/}) (17. O-O-O Qa4
18. Qc4 Nc6 19. Ne5 Nxe5 20. Bxe5 Re8 21. f4 Rxe5 22. fxe5 Bh6+ 23. Rd2 Qd7 24.
Bd3 Nd5 25. Bf5 Qxf5 26. Qxd5 Kg7 27. Re1 c4 28. g4 Qf2 29. Kd1 Bxd2 30. Qxd2
$14 {Meins,G-Mainka,R/Groningen op/1995/}) 17... Rxb8 18. Qc2 Re8+ 19. Be2 Qe4
20. Rc1 Nd5 21. Qxe4 Rxe4 22. Rxc5 Nf4 23. Rc8+ Bf8 24. Rc2 Nxg2+ 25. Kf1 Nf4
26. Rg1+ Ng6 27. h4 h5 28. Ng5 Rf4 29. Rc7 Bd6 30. Rxf7 $1 $18 {Meins,G-Sandor,
C/BL 9495/1994/}) 17. Bxc5 Nd5 18. Qd2 (18. g3 $5 $13) 18... Qe6+ 19. Be2 Bh6
20. Qd1 Nf4 21. Rg1 b3 $17 {Hernando Pertierra,J-Lanka,Z/ESP/1994/}) 14... e6
$5 $146 (14... Nbd7 $6 15. Bb5 Ra5 16. Bc6 c4 17. Ne2 Nb6 18. Rd1 Qd8 19. d6 e5
20. Bg5 e4 21. Qf4 h6 22. Bh4 Qc8 23. Bxf6 Qxc6 24. O-O Bxf6 25. Qxf6 Kg8 26.
Ng3 Rg5 27. Nf5 $40 {Sokolov,I-Shirov,A/Bosnia m ICC/1995/}) 15. d6 (15. dxe6
Qxe6+ 16. Ne2 Nc6 $36 {[%csl Re1] @,><Ke1,}) 15... Nc6 16. Qh3 (16. Rc1 Nd4 17.
Qh3 e5 $5 $44) 16... h5 (16... Nd4 $142 17. Bd3 (17. Rc1 $5 Rxa2 18. Be5 $36)
17... e5 $5 (17... c4 18. Rc1 c3 19. bxc3 bxc3 20. Nf3 $16) (17... h5 {Chekhov}
18. Nf3 Nb3 19. Rd1 Rxa2 20. O-O $36) (17... Nd5 18. Bh6 $16) 18. Bxe5 (18. Bg5
Qxh3 19. Nxh3 c4 $36) 18... Qe8 (18... Qxh3 19. Nxh3 Re8 20. f4 Nd7 21. O-O $1
$36) 19. Qe3 Nd5 20. Bxg7+ Kxg7 21. Qxe8 Rhxe8+ $44) (16... Nd5 17. Bh6 $40)
17. Bc4 (17. Nf3 Nd5 $17) 17... Nd4 18. Rc1 Qc6 19. Ne2 $8 (19. Nf3 $2 Qe4+ (
19... Nxf3+ {Chekhov} 20. Qxf3 Qxf3 21. gxf3 Nd7 22. Bb5 (22. Rc2 $5) 22...
Bxb2 23. Rc2 (23. Bxd7 Bxc1 24. Bxc1 Rd8 $6 (24... Rxa2 $1 $13) 25. Bb5 Rxd6
26. Be3 Kg7 27. Ke2 Ra8 28. Bc4 $16) 23... Be5 $13) 20. Be3 Nc2+ $40) 19...
Nxe2 (19... Qe4 $2 20. Bd3 $16) 20. Kxe2 (20. Bxe2 $2 Rxa2 $17) 20... Nd5 21.
Bxd5 Qxd5 (21... exd5 22. Rhd1 Rxa2 (22... Bxb2 23. Rc2 Bc3 24. Qf5 $40) 23.
Kf1 Rxb2 24. Qf5 $36) 22. Rhd1 Bd4 (22... Qxa2 23. Rxc5 Qxb2+ 24. Rd2 $16 {
[%csl Gd6,Rf8] o^d6,עf8}) 23. Qf3 $1 Qxf3+ (23... Rxa2 $2 24. Qxd5 exd5 (24...
Rxb2+ 25. Ke1 Bxf2+ 26. Kf1 exd5 27. Be5 $18) 25. Rxd4 $1 cxd4 26. Rc8+ Kg7 27.
Rxh8 Kxh8 28. d7 Ra8 29. Bg5 $18 (29. Bc7 $18 {Chekhov})) 24. Kxf3 Kg7 (24...
Rxa2 $2 25. Rxd4 cxd4 26. Rc8+ Kg7 27. Rxh8 Kxh8 28. d7 Ra8 29. Bc7 $18 (29.
Bg5 $18 {Chekhov})) 25. Be3 Rhd8 (25... Bxe3 26. Kxe3 Rxa2 27. d7 Rd8 28. Rxc5
{[%cal Rc5c8] /\Rc8+-} Ra7 29. Rxh5 Raxd7 30. Rxd7 Rxd7 31. Rb5 $18) (25... e5
26. Bxd4 cxd4 27. Rc5 f6 28. Ke4 $1 Rxa2 (28... Kg6 29. f4 $16) 29. Kf5 Rxb2
30. d7 {[%csl Gd7] and the passed pawn will cost Black a R.}) (25... Rxa2 26.
Bxd4+ cxd4 27. Rxd4 Rd8 $8 {-25...Rhd8}) 26. Bxd4+ cxd4 27. Rxd4 Rxa2 28. d7
Ra7 $8 29. Rcd1 b3 30. Kg3 Kf6 31. Kh4 (31. R1d3 $5 Ke7 32. Kh4 Ra5 33. Rxb3
Rxd7 34. Rxd7+ Kxd7 35. Rb7+ $16) 31... Ra5 32. Rb4 Ke7 33. Rxb3 (33. Rb7 $5 {
Chekhov} Re5 34. Rd2 Re4+ 35. Kh3 $16) 33... Rxd7 34. Rxd7+ Kxd7 35. f4 $2 (35.
Rb7+ $142 Ke8 36. f4 Kf8 37. g4 hxg4 38. Kxg4 Kg7 39. b4 Ra2 40. h4 Kf6 41. b5
$18 {[%csl Gb5,Gh4] o^b,h}) 35... Ke7 36. Rb8 (36. Rg3 Rb5 37. b3 Kf6 $10)
36... Kf6 37. g3 (37. Rh8 Rb5 $10) (37. Kg3 $5 $14) 37... Kg7 38. b4 Rd5 39. b5
e5 $1 {[%csl Rh4] עh4} 40. b6 (40. fxe5 Rxe5 41. g4 (41. Kh3 Re2 $10) 41...
hxg4 42. Kxg4 Kg6 43. h4 (43. Kf4 {Chekhov} Rh5 $10) 43... f5+ 44. Kf3 Re4 45.
b6 Kh7 $1 $10 (45... Rxh4 $2 46. b7 Rb4 47. Rg8+)) 40... exf4 41. gxf4 Rb5 42.
b7 Kf6 43. h3 (43. Kg3 Kf5 {[%cal Rb5b3] /\Rb3=}) 43... Rb3 44. Rh8 (44. Rh8
Rxb7 45. Rxh5 Kg6 $10 (45... Rb4 $10 {Chekhov})) (44. Kxh5 Rxh3+ 45. Kg4 Rb3
$10) 1/2-1/2

[Event "St Petersburg-ch"]
[Site "St Petersburg"]
[Date "1996.??.??"]
[Round "6"]
[White "Ionov, Sergey"]
[Black "Khalifman, Alexander"]
[Result "1/2-1/2"]
[WhiteElo "2490"]
[BlackElo "2640"]
[Annotator "Huzman,A"]
[PlyCount "58"]
[EventDate "1996.04.??"]
[EventType "tourn"]
[EventRounds "13"]
[EventCountry "RUS"]
[EventCategory "11"]
[SourceTitle "CBM 056"]
[Source "ChessBase"]
[SourceDate "1997.02.01"]
[SourceVersion "1"]
[SourceVersionDate "1997.02.01"]
[SourceQuality "1"]

1. d4 Nf6 2. c4 g6 3. Nc3 Bg7 4. e4 d6 5. Be2 O-O 6. Nf3 e5 7. O-O Nc6 8. d5
Ne7 9. b4 Nh5 10. Re1 Nf4 11. Bf1 h6 {In this line the black concentrate
pieces at the king's side,trying to mate the white king with the help of
sacrifieces.This plan is very risky,and becides the black don't prevent the
attack of the white at the queen's side} 12. c5 (12. Nd2 c6 $5 $146 (12... f5
13. f3 c6 14. Kh1 a5 15. bxa5 Qxa5 16. Bb2 c5 17. Nb5 Qd8 18. a4 Kh8 19. g3 Nh5
20. exf5 Rxf5 21. g4 {1-0 Tukmakov,V-Ineichen,H/Volksbank op Bern SUI 1996})
13. dxc6 (13. a4 Kh8 14. a5 cxd5 15. cxd5 f5 16. Nc4 g5 17. b5 Rf6 18. b6 a6
19. Qb3 Rg6 20. Ba3 g4 21. Ra2 Ng8 22. Qb4 Kh7 23. Ne3 $16 {1-0 Piket
Jeroen-Xie Jun/It "Melody Amber" (active), Monte Carlo 1996 (41)}) 13... Nxc6 (
13... bxc6 {Lalic,B} 14. Ba3 $14) 14. a3 a5 $5 15. Rb1 axb4 16. axb4 Nd4 17.
Nb3 Nfe6 18. Nb5 Bd7 (18... Nxb5 $6 {Lalic,B} 19. cxb5 b6 20. Rb2 $1 $16) 19.
N3xd4 Nxd4 $1 (19... exd4 $6 {Lalic,B} 20. Na3 $1 Ba4 21. Qd2 $16) 20. Nxd4
exd4 21. Bf4 g5 $6 (21... Be5 {Lalic,B} 22. Bg3 Qf6 $10) 22. Bg3 $14 {+/=
Lalic,B-Atalik,S/Hastings 1995}) 12... g5 13. Nd2 Neg6 (13... f5 14. cxd6 cxd6
15. b5 Nfg6 16. exf5 e4 17. f6 $16 {Cmilyte,V-Girkiyan,T/32nd ol (women),
Yerevan ARM 1996/1-0 (77)}) 14. Nc4 h5 15. Be3 (15. cxd6 cxd6 16. b5 $5 {
The white keep the square e3 for the knight continuing attack at the queen's
side} (16. Nb5 $2 a6 17. Nbxd6 b5 $17)) (15. Ne3 $5) 15... f5 16. cxd6 cxd6 17.
Nb5 fxe4 (17... a6 $2 18. Bb6 $18) 18. Nbxd6 Bg4 19. Qb3 (19. Qc2 Nh4 (19...
Nd3 20. Bxd3 exd3 21. Qxd3 e4 22. Qxe4 Bxa1 23. Qxg6+ Bg7 24. Bxg5 $18) 20.
Qxe4 b5 21. Nb7 Bf5 (21... Qf6 22. Ncd6) 22. Nxd8 (22. Qxf5 Qxd5 23. Qb1 (23.
Qc2 Nhxg2 $17) 23... bxc4 $17) 22... Bxe4 23. Ne6 (23. Bxf4 exf4 $17) 23...
Nh3+ 24. Kh1 bxc4 25. Nxf8 Bxf8 26. Bc5 Bxc5 27. bxc5 Bxd5 28. Rxe5 Nxf2+ 29.
Kg1 Nh3+ 30. Kh1 $11) 19... Nh4 20. Nxe4 (20. Nxb7 $5 Qf6 21. Nd2 (21. d6 Kh8
$13) 21... Qg6 22. Nc5 Bf5 23. Rac1 Kh8 24. Bxf4 exf4 25. Ndxe4) 20... Nhxg2
21. Bxg2 Nxg2 22. Bxg5 (22. d6 Kh8 23. Bxg5 Nxe1 (23... Qd7) 24. Bxd8 Nf3+ 25.
Kh1 Nd4 26. Qd3 Be2 27. Qh3 Bf3+ 28. Kg1 Raxd8 29. Ncd2 Bg4 30. Qd3 $18) 22...
Nxe1 23. Bxd8 Nf3+ 24. Kg2 (24. Kh1 Nd4 25. Qb1 (25. Qd3 Be2) 25... Raxd8 (
25... Bf3+ 26. Kg1 Raxd8 27. d6 $18) 26. Ne3 (26. Ncd2 Rxd5 $44) 26... Bf3+ 27.
Kg1 Rf4 $13 28. Ng5 e4) 24... Nd4 25. Qd3 (25. Qb1 Raxd8 $44) 25... Be2 26. Qg3
Bf3+ 27. Kf1 Bxe4 (27... Raxd8 28. Ncd2 $16) 28. Nd2 (28. Nd6 $1 Bxd5 (28...
Raxd8 29. Nxe4 Rxd5 30. Rc1 $16) 29. Be7 Rf4 30. Qg6 (30. h3 Rf3 31. Qh4 Be6
$132) 30... Rg4 31. Qxh5 Bg2+ 32. Ke1 Bf3 33. Qf7+ Kh8 34. Bf6 Nc2+ 35. Kf1
Nxa1 36. Bxg7+ Rxg7 37. Qxf3 $18) 28... Bxd5 29. Bg5 Rac8 {At the end position
I prefer the black.The line 30.Bh6 Nf5 31.Qd3 Rad8 32.Bg7 Bg2 33.Kg2[33.Ke2
Rd3 34.Kd3 Kf8-/+]Rd3 34.Bf8 Rd2 35.Bc5 b6-+ illustrates the danger which may
appear for the white} 1/2-1/2

[Event "St Petersburg-ch"]
[Site "St Petersburg"]
[Date "1996.??.??"]
[Round "8"]
[White "Svidler, Peter"]
[Black "Khalifman, Alexander"]
[Result "1/2-1/2"]
[WhiteElo "2650"]
[BlackElo "2640"]
[PlyCount "33"]
[EventDate "1996.04.??"]
[EventType "tourn"]
[EventRounds "13"]
[EventCountry "RUS"]
[EventCategory "11"]
[SourceTitle "CBM 056"]
[Source "ChessBase"]
[SourceDate "1997.02.01"]
[SourceVersion "1"]
[SourceVersionDate "1997.02.01"]
[SourceQuality "1"]

1. e4 c6 2. d4 d5 3. e5 c5 4. dxc5 Nc6 5. Bb5 e6 6. Be3 Nge7 7. Nf3 Nf5 8. b4
Bd7 9. Bxc6 Bxc6 10. c3 a5 11. O-O axb4 12. cxb4 b6 13. Nd4 Nxd4 14. Bxd4 bxc5
15. bxc5 Ra4 16. Qd2 Be7 17. Qe3 1/2-1/2

[Event "St Petersburg-ch"]
[Site "St Petersburg"]
[Date "1996.??.??"]
[Round "9"]
[White "Khalifman, Alexander"]
[Black "Yemelin, Vasily"]
[Result "1-0"]
[WhiteElo "2640"]
[BlackElo "2460"]
[Annotator "Tisdall,J"]
[PlyCount "55"]
[EventDate "1996.04.??"]
[EventType "tourn"]
[EventRounds "13"]
[EventCountry "RUS"]
[EventCategory "11"]
[SourceTitle "CBM 056"]
[Source "ChessBase"]
[SourceDate "1997.02.01"]
[SourceVersion "1"]
[SourceVersionDate "1997.02.01"]
[SourceQuality "1"]

1. d4 {Khalifman Rogozenko} Nf6 2. c4 e6 3. Nf3 b6 4. Nc3 Bb4 5. Bg5 Bb7 6. e3
Bxc3+ 7. bxc3 d6 8. Nd2 Nbd7 9. f3 Qe7 (9... h6 10. Bh4 Qe7 11. Bd3 g5 12. Bf2
O-O-O 13. Qa4 Kb8 14. O-O-O Nh5 15. Rhe1 f5 {Piket,J-Ivanchuk,V/Dortmund/1995/}
) 10. e4 (10. Bd3 {Rogozenko} h6 11. Bh4 g5 12. Bf2 Nh5 13. Qa4 $14) 10... e5 {
The theory considers 10. ... e5 a normal move, but I wouldn`t recommend to
weaken the f5-square.} (10... h6 {Rogozenko} 11. Bh4 g5 12. Bf2 Nh5 (12...
O-O-O 13. a4 (13. Qa4 $142) 13... a5 14. Bd3 Nh5 15. g3 f5 $13 {
Gelfand-Schneider/Norilsk/87.}) 13. Qa4 c5 (13... Kf8 14. g3 Kg7 15. Bg2 f5 16.
O-O f4 $13 {Campos-Razuvaev/Palma de Majorca/91.}) 14. O-O-O O-O 15. h4 g4 $1
$15 {Tukmakov-Chernin/URS/87.}) 11. Bd3 h6 12. Bh4 g5 13. Bf2 Nh5 14. Nf1 (14.
g3 O-O-O 15. Qa4 Kb8 16. O-O-O g4 17. fxg4 Nhf6 18. h3 exd4 19. cxd4 c5 20. d5
Ne5 21. Bc2 h5 22. g5 Nh7 23. h4 Ng4 24. Rhf1 Nf8 25. Qb3 Ng6 26. Be3 Nxe3 27.
Qxe3 Bc8 28. Rf6 Ne5 29. Qc3 Bg4 30. Rdf1 Qd7 31. Bd1 Rhe8 32. Bxg4 Qxg4 33.
Kc2 Re7 34. R6f5 Rde8 35. R1f4 Qe2 36. Rf2 Qg4 37. R2f4 Qe2 38. Rf2 Qg4 {
Cramling,P-Breyther,R/Bern Open, Bern SWI 1995/0-1 (69)}) 14... Nf4 (14... exd4
15. cxd4 f5 16. Ne3 fxe4 17. Nf5 Qf7 18. fxe4 Nf4 19. O-O Nxd3 (19... Nxg2 20.
Bg3 Nf4 21. Bxf4 gxf4 22. Rxf4 Qg6+ 23. Rg4 Qf6 24. Ng7+ Kd8 25. Kh1 Kc8 26.
Bc2 Ba6 27. Ba4 Bb7 28. Qd3 Nc5 29. Rf1 Nxe4 30. Rxf6 Nf2+ 31. Kg1 Nxd3 32. Ne6
Nb2 33. Rxh6 Nxa4 34. Rxh8+ Kd7 35. Rxa8 Bxa8 36. d5 {1-0 Piket,J-Tiviakov,S/
Wijk 1994}) 20. Qxd3 O-O-O 21. Bg3 Qe6 22. Rae1 Kb8 23. c5 bxc5 24. d5 Qe8 25.
a4 c4 26. Qd4 c3 27. Qxc3 Nc5 28. e5 Nxa4 29. Qa5 dxe5 30. Bxe5 Qd7 31. Bxh8
Rxh8 32. Ra1 Nb6 33. Qxa7+ Kc8 34. d6 {1-0 Tal,M-Mnatsakanian,E/URS-ch30
Erevan 1962}) (14... f5 $5 15. Ne3 fxe4 16. Nf5 Qh7 17. Bxe4 {- Levitt,
J-Razuvaev,Y/Moscow-A 1988}) 15. Ne3 g4 16. O-O $1 $146 {N} (16. Bf1 $5 h5 (
16... gxf3 $14 {Rogozenko}) 17. Nf5 Qg5 18. Bh4 Qg6 19. Qa4 a6 20. O-O-O f6 21.
c5 b5 22. Qa5 Ne6 23. cxd6 c5 24. d5 Nd8 25. Kb2 c4 26. Bf2 Rh7 27. Be3 Kf8 28.
Ne7 Qe8 29. fxg4 hxg4 30. Be2 {1-0 Rizzitano,J-Bauer,R/National op 1988}) (16.
Bc2 {Rogozenko} gxf3 17. Qxf3 Qg5 18. h4 Qf6 19. O-O-O O-O-O 20. h5 $14 {
Razuvaev-Stoica/Nikea/86.}) (16. Bc2 {Khalifman,A - 42/(678)}) 16... gxf3 (
16... Qg5 {Khalifman,A} 17. fxg4 h5 18. Nd5 $1 Qxg4 (18... Bxd5 19. cxd5 Nxd3
20. Qxd3 Qxg4 21. h3 Qg5 22. Be3 $16) 19. Qxg4 hxg4 20. Nxf4 exf4 21. Be1 $16)
17. Qxf3 exd4 (17... Nxd3 18. Nf5 {Khalifman,A} Qg5 19. Bh4 $16 Qf4 $6 20. Ng7+
Kf8 21. Ne6+ $1 fxe6 22. Qxd3 $18) (17... Rg8 {Rogozenko} 18. Bc2 O-O-O $14 (
18... O-O-O {Khalifman,A} 19. Bg3 $16)) (17... Qg5 {Khalifman,A} 18. Bc2 $16)
18. Nd5 $1 (18. Qxf4 {Khalifman,A} dxe3 19. Bh4 f6 $13) (18. Nf5 {Khalifman,A}
Qg5 (18... Ne5 19. Qxf4 Nxd3 20. Qg3 Qxe4 21. Rae1 $16) 19. cxd4 (19. Bxd4 Ne5
(19... Rg8 20. Ng7+ $16) 20. Qxf4 Qxf4 21. Rxf4 Nxd3 $13) 19... Qxf5 20. Bh4
Nh3+ $1 21. gxh3 Rg8+ 22. Kh1 Qxf3+ 23. Rxf3 $14) 18... Nxd5 (18... Bxd5 19.
Qxf4 Nc5 (19... Bb7 20. cxd4 $16) 20. exd5 Nxd3 21. Qxd4 Ne5 22. Bh4 $18 {
Khalifman}) 19. exd5 Ne5 (19... O-O-O {Khalifman,A} 20. cxd4 $18) (19... dxc3 {
Khalifman,A} 20. Bf5 $1 Ne5 (20... O-O-O 21. Rae1 $1 Qg5 22. Bd4 Rhg8 23. Bf6
$18) 21. Qh3 $1 Qg5 (21... Nxc4 22. Rae1 Ne5 23. Bh4 $18) 22. Bh4 Qd2 23. Rae1
Qd4+ 24. Kh1 Rg8 25. Re4 Qd2 26. Rxe5+ $1 dxe5 27. Bd7+ Kf8 28. Rxf7+ $1 Kxf7
29. Qf5+ Kg7 30. Bf6+ $18) 20. Qe4 dxc3 (20... f5 {Khalifman,A} 21. Qxf5 $1 (
21. Qxd4 O-O) 21... Rf8 22. Qh5+ Qf7 23. Qxh6 $18) (20... Nxd3 {Khalifman,A}
21. Qxd3 O-O-O 22. Bxd4 Rhe8 23. Bf6 Qe4 24. Qxe4 Rxe4 25. Bxd8 Kxd8 26. Rxf7
Rxc4 27. Rd1 $16) (20... Ng6 {Khalifman,A} 21. Qxe7+ $1 Nxe7 22. Rae1 Kf8 23.
Bh4 Re8 24. cxd4 $16) 21. Bh4 Qd7 22. Bf6 Rg8 23. Rae1 c6 (23... Qg4 24. Rf4
Qg6 25. Qe2 $1 $16 {Khalifman}) (23... Kf8 {Khalifman,A} 24. Qh4 Qg4 25. Qxh6+
Ke8 26. Rf2 $18) 24. Bxe5 dxe5 (24... cxd5 25. Qh7) 25. Qxe5+ Kf8 26. Bf5 Qd8
27. Be6 Rg7 28. Bxf7 $1 (28. Rxf7+ Rxf7 29. Qh8+ Ke7 30. Bc8+) (28. Bxf7 Rxf7
29. Qh8#) 1-0